Detalles MARC
| 000 -LEADER |
| campo de control de longitud fija |
01738nas a2200445 i 4500 |
| 001 - NÚMERO DE CONTROL |
| campo de control |
196001 |
| 003 - IDENTIFICADOR DE NÚMERO DE CONTROL |
| campo de control |
ES-MaACL |
| 005 - FECHA Y HORA DE LA ÚLTIMA TRANSACCIÓN |
| campo de control |
20250727144643.0 |
| 007 - CAMPO FIJO DE DESCRIPCIÓN FÍSICA--INFORMACIÓN GENERAL |
| campo de control de longitud fija |
ta |
| 008 - DATOS DE LONGITUD FIJA--INFORMACIÓN GENERAL |
| campo de control de longitud fija |
240809d19942005sp fu p _ 0uuub0spa |
| 016 7# - NÚMERO DE CONTROL DE UNA AGENCIA BIBLIOGRÁFICA NACIONAL |
| Número de control del registro |
biseBNE19940340333 |
| Fuente |
SpMaBN |
| 016 ## - NÚMERO DE CONTROL DE UNA AGENCIA BIBLIOGRÁFICA NACIONAL |
| Número de control del registro |
BNE20030231624 |
| 016 ## - NÚMERO DE CONTROL DE UNA AGENCIA BIBLIOGRÁFICA NACIONAL |
| Número de control del registro |
BNE20031923128 |
| 017 ## - NÚMERO DE COPYRIGHT O DE DEPÓSITO LEGAL |
| Número de copyright o de depósito legal |
AB 264-1996 |
| Agencia que asigna |
Oficina Depósito Legal Albacete |
| 022 0# - NÚMERO INTERNACIONAL NORMALIZADO PARA PUBLICACIONES SERIADAS |
| Número Internacional Normalizado para Publicaciones Seriadas |
1134-3117 |
| 035 ## - NÚMERO DE CONTROL DEL SISTEMA |
| Número de control de sistema |
(OCoLC)436597253 |
| 037 ## - FUENTE DE ADQUISICIÓN |
| Fuente del número de adquisición |
Apdo. 3255, 28080 |
| 040 ## - FUENTE DE CATALOGACIÓN |
| Centro catalogador/agencia de origen |
SpMaBN |
| Lengua de catalogación |
spa |
| Centro/agencia transcriptor |
SpMaBN |
| Normas de descripción |
rdc |
| 080 ## - NÚMERO DE LA CLASIFICACIÓN DECIMAL UNIVERSAL |
| Número de la Clasificación Decimal Universal |
016:78 |
| 080 ## - NÚMERO DE LA CLASIFICACIÓN DECIMAL UNIVERSAL |
| Número de la Clasificación Decimal Universal |
016:78(460) |
| 245 00 - MENCIÓN DEL TÍTULO |
| Título |
BIME : |
| Resto del título |
Bibliografía Musical Española (1994-1995) / |
| Mención de responsabilidad, etc. |
edición preparada por José Ignacio Cano Martín, M.ª José González Ribot, Cristina Marcos Patiño |
| 260 ## - PUBLICACIÓN, DISTRIBUCIÓN, ETC. |
| Lugar de publicación, distribución, etc. |
Madrid : |
| Nombre del editor, distribuidor, etc. |
Asociación Española de Documentación Musical, |
| Fecha de publicación, distribución, etc. |
[1996] |
| 300 ## - DESCRIPCIÓN FÍSICA |
| Extensión |
622 páginas : |
| Dimensiones |
21 cm. |
| 336 ## - TIPO DE CONTENIDO |
| Fuente |
rdacontent |
| Término de tipo de contenido |
texto |
| 337 ## - TIPO DE MEDIO |
| Fuente |
rdamedia |
| Nombre/término del tipo de medio |
sin mediación |
| 338 ## - TIPO DE SOPORTE |
| Fuente |
rdacarrier |
| Nombre/término del tipo de soporte |
volumen |
| 650 #7 - PUNTO DE ACCESO ADICIONAL DE MATERIA--TÉRMINO DE MATERIA |
| Término de materia o nombre geográfico como elemento de entrada |
Música- |
| Subdivisión de forma |
Bibliografías |
| Fuente del encabezamiento o término |
embne |
| 9 (RLIN) |
15378 |
| 655 #7 - TERMINO DE INDIZACIÓN--GENERO/FORMA |
| Datos o término principal de género/forma |
Bibliografías |
| Fuente del término |
tgfbne |
| 9 (RLIN) |
226825 |
| 700 1# - ENTRADA AGREGADA--NOMBRE PERSONAL |
| Nombre de persona |
Cano Martín, José Ignacio |
| Término indicativo de función/relación |
Editor literario |
| 9 (RLIN) |
240042 |
| 700 1# - ENTRADA AGREGADA--NOMBRE PERSONAL |
| Nombre de persona |
González Ribot, María José, |
| Fechas asociadas al nombre |
1963- |
| Término indicativo de función/relación |
Editor literario |
| 9 (RLIN) |
240043 |
| 700 1# - ENTRADA AGREGADA--NOMBRE PERSONAL |
| Nombre de persona |
Marcos Patiño, Cristina |
| Término indicativo de función/relación |
Editor literario |
| 9 (RLIN) |
240044 |
| 710 ## - ENTRADA AGREGADA--NOMBRE DE ENTIDAD CORPORATIVA |
| Nombre de entidad corporativa o nombre de jurisdicción como elemento de entrada |
Asociación Española de Documentación Musical |
| Término indicativo de función/relación |
Editor |
| 9 (RLIN) |
237964 |
| 852 ## - LOCALIZACIÓN |
| Ubicación |
ES-MaACL |
| Sublocalización o colección |
R.153441 |
| Ubicación en estantería |
Depósito J |
| Número de control de estantería |
N-9121 |
| Donativo/Legado |
Donación: Biblioteca Nacional de España |
| itemnumber |
205030 |
| 883 1# - PROCEDENCIA DE METADATOS |
| Proceso de creación |
Cotejo registros de fondos y signatura-ítem |
| Fecha de creación |
20220521 |
| 914 ## - NOMBRE ENTIDAD DE DONANTE |
| Nombre de congreso/reunión o jurisdicción como elemento de entrada |
Biblioteca Nacional de España |
| Unidad subordinada |
Donante |
| RLIN |
234950 |
| 942 ## - ELEMENTOS DE ENTRADA SECUNDARIOS (KOHA) |
| Tipo de ítem Koha |
Libro impreso |
| Suprimir en OPAC |
No |